| 000 | 01108nam a2200313 a 4500 | ||
|---|---|---|---|
| 001 | 1072678 | ||
| 003 | OSt | ||
| 005 | 20140310182017.0 | ||
| 008 | 910320s1991 nyu j 000 1 eng | ||
| 010 | _a 91050295 | ||
| 020 | _a0590460110 | ||
| 040 |
_aDLC _cDLC |
||
| 042 | _alcac | ||
| 050 | 0 | 0 |
_aPZ 7 _b.H582 1991 |
| 082 | 0 | 0 |
_aKF _bH44m 1991 |
| 100 | 1 |
_aHerzig, Alison Cragin. _96664 |
|
| 245 | 1 | 0 |
_aMystery on October Road / _cAlison Cragin Herzig and Jane Lawrence Mali. |
| 260 |
_aNew York : _bViking, _c1991. |
||
| 300 |
_a57 p. ; _c21 cm. |
||
| 520 | _aWhen a mysterious masked man moves into the house next door, ten-year-old Casey and her friends, Cats and Benny, are determined to find out more about him. | ||
| 541 | _j1 | ||
| 562 | _eFor circulation.1 copy available in the collection | ||
| 650 | 1 |
_aFriendship _xFiction. _96665 |
|
| 650 | 1 |
_aMystery and detective stories. _93790 |
|
| 700 | 1 |
_aMali, Jane Lawrence. _96666 |
|
| 906 |
_a7 _bcbc _corignew _d3 _eocip _f19 _gy-gencatlg |
||
| 942 |
_2lcc _cBK-KF _kKF |
||
| 999 |
_c8262 _d8262 |
||